[Event "Olympiad Women-45"]
[Site "Budapest"]
[Date "2024.09.15"]
[Round "5.15"]
[White "Mijovic, A."]
[Black "Luong, Phuong Hanh"]
[Result "0-1"]
[WhiteElo "2121"]
[BlackElo "2225"]
[PlyCount "168"]
[EventDate "2024.09.11"]
[EventType "team-swiss"]
[EventRounds "11"]
[EventCountry "HUN"]
[SourceTitle "EXT 2025"]
[Source "ChessBase"]
[SourceDate "2024.10.14"]
[SourceVersion "1"]
[SourceVersionDate "2024.10.14"]
[SourceQuality "1"]
[WhiteTeam "Montenegro (W)"]
[BlackTeam "Vietnam (W)"]
[WhiteTeamCountry "MNE"]
[BlackTeamCountry "VIE"]

1. e4 c5 2. Nf3 g6 3. c4 Nc6 4. d4 cxd4 5. Nxd4 Nf6 6. Nc3 d6 7. Be2 Nxd4 8. Qxd4 Bg7 9. Be3 0-0 10. Qd2 a5 11. f3 a4 12. 0-0 Bd7 13. Rad1 Bc6 14. c5 dxc5 15. Bxc5 Nd7 16. Qe3 Re8 17. Bb4 Qb6 18. Qxb6 Nxb6 19. Nb5 Bxb5 20. Bxb5 Rec8 21. b3 axb3 22. axb3 Bf6 23. f4 e6 24. Rf3 Rc2 25. Rf2 Rcc8 26. g3 Bc3 27. Be7 f5 28. exf5 gxf5 29. Re2 Kf7 30. Bh4 Ra1 31. Rxa1 Bxa1 32. Rd2 Rc5 33. Bf1 Rc1 34. Kf2 Bc3 35. Rd6 Bb4 36. Rd3 Bc5+ 37. Kg2 Nd5 38. Be2 Rc2 39. Kf1 Ne3+ 40. Ke1 Bb4+ 41. Kf2 Ng4+ 42. Kf1 Nxh2+ 43. Kf2 Kg6 44. Bd8 Rb2 45. Bb6 Ng4+ 46. Kf1 Nf6 47. Bd4 Rb1+ 48. Kg2 Ne4 49. Bf3 Rc1 50. g4 Rc2+ 51. Kg1 Nd2 52. gxf5+ Kxf5 53. Bxb7 Rc7 54. Bg2 Rd7 55. Kf2 Ne4+ 56. Ke3 Nf6 57. Bh3+ Ng4+ 58. Bxg4+ Kxg4 59. Ke4 h5 60. Rd1 h4 61. Rg1+ Kh3 62. Kf3 Kh2 63. Rd1 Rd5 64. Bg1+ Kh3 65. Rxd5 exd5 66. Bd4 Kh2 67. f5 h3 68. f6 Bf8 69. Kf2 Bb4 70. Be5+ Kh1 71. Bc7 Bc5+ 72. Kf1 d4 73. Bd8 d3 74. Be7 d2 75. Ke2 Kg2 76. Bxc5 h2 77. Kxd2 h1Q 78. Be7 Qh3 79. b4 Qb3 80. Ke2 Qc3 81. b5 Qe5+ 82. Kd3 Qxb5+ 83. Ke4 Kg3 84. Kd4 Kf3 0-1

[Event "Olympiad Women-45"]
[Site "Budapest"]
[Date "2024.09.14"]
[Round "4.30"]
[White "Chang, Yolanda"]
[Black "Mijovic, A."]
[Result "0-1"]
[WhiteElo "1908"]
[BlackElo "2121"]
[PlyCount "86"]
[EventDate "2024.09.11"]
[EventType "team-swiss"]
[EventRounds "11"]
[EventCountry "HUN"]
[SourceTitle "EXT 2025"]
[Source "ChessBase"]
[SourceDate "2024.10.14"]
[SourceVersion "1"]
[SourceVersionDate "2024.10.14"]
[SourceQuality "1"]
[WhiteTeam "New Zealand (W)"]
[BlackTeam "Montenegro (W)"]
[WhiteTeamCountry "NZL"]
[BlackTeamCountry "MNE"]

1. e4 c5 2. c3 d5 3. exd5 Qxd5 4. d4 Nf6 5. Nf3 Bg4 6. Nbd2 Nc6 7. Qa4 Bxf3 8. Nxf3 Qe4+ 9. Be3 cxd4 10. cxd4 e6 11. Bb5 Bd6 12. 0-0 0-0 13. Rfe1 Rfc8 14. Rad1 a6 15. Bxc6 Qxc6 16. Qb3 Qd5 17. Qd3 Qxa2 18. Bc1 Qc4 19. Qe3 Qc2 20. Ne5 Qf5 21. h3 Nd5 22. Qb3 b5 23. g4 Qc2 24. Qf3 Rc7 25. Rd2 Qb1 26. Rdd1 Bxe5 27. dxe5 Rac8 28. Bg5 Qxb2 29. h4 h6 30. Be3 Nxe3 31. Qxe3 Rc4 32. Qf3 Qb4 33. Kf1 Rxg4 34. Rd7 Qc4+ 35. Re2 Rf8 36. h5 b4 37. Qe3 Qc6 38. f3 Qxd7 39. fxg4 Qd1+ 40. Kg2 Qd5+ 41. Kh2 Rc8 42. Rf2 Rc5 43. Re2 Rc3 0-1

[Event "Titled Tuesday intern op 20th Aug Early"]
[Site "Chess.com INT"]
[Date "2024.08.20"]
[Round "4"]
[White "Campos Rosas, Manuel Asis"]
[Black "Mijovic, A."]
[Result "1-0"]
[WhiteElo "2155"]
[BlackElo "2121"]
[PlyCount "65"]
[EventDate "2024.08.20"]
[EventType "swiss (blitz)"]
[EventRounds "11"]
[EventCountry "USA"]
[SourceTitle "EXT 2025"]
[Source "ChessBase"]
[SourceDate "2024.10.14"]
[SourceVersion "1"]
[SourceVersionDate "2024.10.14"]
[SourceQuality "1"]

1. e4 e6 2. d4 d5 3. Nd2 c5 4. c3 Nc6 5. Ngf3 cxd4 6. Nxd4 Bd6 7. Bd3 Nf6 8. exd5 Nxd4 9. cxd4 Nxd5 10. 0-0 0-0 11. Ne4 Bf4 12. Qh5 g6 13. Qf3 Bxc1 14. Raxc1 Kg7 15. Rfd1 Nf6 16. h4 Bd7 17. Nxf6 Qxf6 18. Qxb7 Rfd8 19. Rc7 Be8 20. Be4 Rab8 21. Qxa7 Rxb2 22. Bf3 Qxh4 23. g3 Qf6 24. Rd3 Bb5 25. Re3 Be8 26. Kg2 Rxd4 27. a4 Rdd2 28. Re4 Ra2 29. Rf4 Qb2 30. Rcxf7+ Bxf7 31. Qxf7+ Kh6 32. Rh4+ Kg5 33. Qf4# 1-0

[Event "Titled Tuesday intern op 20th Aug Early"]
[Site "Chess.com INT"]
[Date "2024.08.20"]
[Round "2"]
[White "Mijovic, A."]
[Black "Slade, Theodore"]
[Result "0-1"]
[WhiteElo "2121"]
[BlackElo "2063"]
[PlyCount "32"]
[EventDate "2024.08.20"]
[EventType "swiss (blitz)"]
[EventRounds "11"]
[EventCountry "USA"]
[SourceTitle "EXT 2025"]
[Source "ChessBase"]
[SourceDate "2024.10.14"]
[SourceVersion "1"]
[SourceVersionDate "2024.10.14"]
[SourceQuality "1"]

1. d4 d5 2. c4 e6 3. Nc3 a6 4. cxd5 exd5 5. Nf3 c6 6. Bg5 Be7 7. Bxe7 Nxe7 8. e3 0-0 9. Bd3 Bf5 10. 0-0 Nd7 11. Rc1 Nf6 12. Ne5 Re8 13. Na4 Bxd3 14. Qxd3 Nc8 15. Nc5 Nd6 16. Qf5 Nxf5 0-1

[Event "Titled Tuesday intern op 20th Aug Early"]
[Site "Chess.com INT"]
[Date "2024.08.20"]
[Round "3"]
[White "Mijovic, A."]
[Black "Vshivkov, Konstantin"]
[Result "0-1"]
[WhiteElo "2121"]
[BlackElo "2315"]
[PlyCount "72"]
[EventDate "2024.08.20"]
[EventType "swiss (blitz)"]
[EventRounds "11"]
[EventCountry "USA"]
[SourceTitle "EXT 2025"]
[Source "ChessBase"]
[SourceDate "2024.10.14"]
[SourceVersion "1"]
[SourceVersionDate "2024.10.14"]
[SourceQuality "1"]

1. d4 Nf6 2. c4 c5 3. d5 b5 4. cxb5 a6 5. e3 axb5 6. Bxb5 e6 7. dxe6 fxe6 8. Nc3 Be7 9. Nge2 0-0 10. 0-0 d5 11. a4 e5 12. f4 e4 13. f5 Kh8 14. Nf4 d4 15. exd4 cxd4 16. Nce2 Bc5 17. Kh1 Bxf5 18. Ng3 Bg4 19. Qc2 Qe7 20. Re1 d3 21. Nxd3 exd3 22. Rxe7 dxc2 23. Rc7 Nbd7 24. Bg5 Rac8 25. Rxc8 Rxc8 26. Bxf6 Nxf6 27. a5 Be3 28. a6 c1Q+ 29. Rxc1 Rxc1+ 30. Nf1 Ra1 31. b3 Ne4 32. h3 Be6 33. Kh2 Bxb3 34. Nxe3 Bd5 35. Nxd5 Nc5 36. Nc7 Ra5 0-1

[Event "Titled Tuesday intern op 18th Jun Late"]
[Site "Chess.com INT"]
[Date "2024.06.18"]
[Round "4"]
[White "Shapiro, Daniel E"]
[Black "Mijovic, A."]
[Result "1-0"]
[WhiteElo "2284"]
[BlackElo "2121"]
[PlyCount "125"]
[EventDate "2024.06.18"]
[EventType "swiss (blitz)"]
[EventRounds "11"]
[EventCountry "USA"]
[SourceTitle "EXT 2025"]
[Source "ChessBase"]
[SourceDate "2024.10.14"]
[SourceVersion "1"]
[SourceVersionDate "2024.10.14"]
[SourceQuality "1"]

1. d4 Nf6 2. c4 g6 3. Nc3 Bg7 4. e4 d6 5. Be2 0-0 6. Nf3 e5 7. 0-0 Nc6 8. d5 Ne7 9. a4 Nd7 10. a5 f5 11. Ne1 a6 12. b4 Nf6 13. f3 f4 14. c5 g5 15. g4 Ng6 16. Nd3 Rf7 17. Kf2 Bf8 18. Ba3 Nh4 19. Rg1 Kh8 20. Ke1 c6 21. Kd2 cxd5 22. exd5 dxc5 23. Nxe5 Rg7 24. bxc5 Nxd5 25. Nxd5 Qxd5+ 26. Nd3 Re7 27. Bb2+ Bg7 28. Bxg7+ Kxg7 29. Ra4 Re3 30. Qa1+ Kg8 31. Rd4 Nxf3+ 32. Bxf3 Qxf3 33. Rd8+ Kf7 34. Ne5+ Rxe5 35. Qxe5 Qf2+ 36. Kc3 Be6 37. Rgd1 Rxd8 38. Rxd8 Qf3+ 39. Rd3 Qxg4 40. Qc7+ Kg6 41. Qxb7 Qg1 42. Qe4+ Bf5 43. Rd6+ Kh5 44. Qxf5 Qc1+ 45. Kd4 Qd2+ 46. Ke5 Qc3+ 47. Ke6 Qc4+ 48. Kd7 Qb5+ 49. Kc7 Qxa5+ 50. Rb6 Qe1 51. Qh3+ Qh4 52. Qxh4+ Kxh4 53. c6 g4 54. Rb2 g3 55. Kb7 Kh3 56. hxg3 fxg3 57. c7 g2 58. Rxg2 Kxg2 59. c8Q h5 60. Qf5 h4 61. Qg5+ Kh3 62. Kxa6 Kh2 63. Qxh4+ 1-0

[Event "Titled Tuesday intern op 04th Jun Early"]
[Site "Chess.com INT"]
[Date "2024.06.04"]
[Round "1"]
[White "Belli, Giorgio"]
[Black "Mijovic, A."]
[Result "1-0"]
[WhiteElo "2138"]
[BlackElo "2121"]
[PlyCount "37"]
[EventDate "2024.06.04"]
[EventType "swiss (blitz)"]
[EventRounds "11"]
[EventCountry "USA"]
[SourceTitle "EXT 2025"]
[Source "ChessBase"]
[SourceDate "2024.10.14"]
[SourceVersion "1"]
[SourceVersionDate "2024.10.14"]
[SourceQuality "1"]

1. e4 e6 2. d4 d5 3. Nd2 c5 4. exd5 Qxd5 5. Ngf3 cxd4 6. Bc4 Qd7 7. 0-0 Nc6 8. Nb3 Nf6 9. Nbxd4 Nxd4 10. Nxd4 a6 11. Re1 Be7 12. Bb3 0-0 13. Bg5 b5 14. Nf5 exf5 15. Qxd7 Bxd7 16. Rxe7 Bc6 17. Bxf6 gxf6 18. Rc7 Be4 19. f3 1-0

[Event "Titled Tuesday intern op 04th Jun Early"]
[Site "Chess.com INT"]
[Date "2024.06.04"]
[Round "9"]
[White "Marcziter, Dmitrii"]
[Black "Mijovic, A."]
[Result "0-1"]
[WhiteElo "2204"]
[BlackElo "2121"]
[PlyCount "102"]
[EventDate "2024.06.04"]
[EventType "swiss (blitz)"]
[EventRounds "11"]
[EventCountry "USA"]
[SourceTitle "EXT 2025"]
[Source "ChessBase"]
[SourceDate "2024.10.14"]
[SourceVersion "1"]
[SourceVersionDate "2024.10.14"]
[SourceQuality "1"]

1. e4 g6 2. d4 Bg7 3. Nc3 d5 4. exd5 Nf6 5. Bc4 Nbd7 6. Nf3 Nb6 7. Bb3 a5 8. a4 0-0 9. h3 Ra6 10. 0-0 Nfxd5 11. Nxd5 Nxd5 12. Re1 Re6 13. c3 Rxe1+ 14. Qxe1 Re8 15. Bg5 h6 16. Bd2 Be6 17. Bc2 Nb6 18. Qc1 Kh7 19. b3 Bd5 20. Ne5 f6 21. Bxg6+ Kg8 22. Bxe8 fxe5 23. Bg6 Qd6 24. Bc2 exd4 25. c4 Bc6 26. Bd3 e5 27. Qc2 Nd7 28. Re1 Nc5 29. Bh7+ Kh8 30. Qg6 Nxb3 31. Bc1 Nxc1 32. Rxc1 Qxg6 33. Bxg6 e4 34. Re1 d3 35. Rd1 Bxa4 36. Ra1 Bxa1 37. Bxe4 d2 38. Bf3 d1Q+ 39. Bxd1 Bxd1 40. Kf1 Bb3 41. c5 Bc4+ 42. Ke1 Bd4 43. f4 a4 44. c6 bxc6 45. g4 a3 46. h4 a2 47. Kd2 a1Q 48. g5 Qc3+ 49. Kd1 Qd3+ 50. Kc1 Be3+ 51. Kb2 Qb3+ 0-1

[Event "Titled Tuesday intern op 04th Jun Early"]
[Site "Chess.com INT"]
[Date "2024.06.04"]
[Round "11"]
[White "Toktomushev, Teimur"]
[Black "Mijovic, A."]
[Result "1-0"]
[WhiteElo "2300"]
[BlackElo "2121"]
[PlyCount "97"]
[EventDate "2024.06.04"]
[EventType "swiss (blitz)"]
[EventRounds "11"]
[EventCountry "USA"]
[SourceTitle "EXT 2025"]
[Source "ChessBase"]
[SourceDate "2024.10.14"]
[SourceVersion "1"]
[SourceVersionDate "2024.10.14"]
[SourceQuality "1"]

1. d4 g6 2. c4 Bg7 3. Nc3 Nf6 4. e4 0-0 5. f3 d6 6. Be3 a6 7. Nge2 b6 8. Qd2 c5 9. h4 Nc6 10. g4 e5 11. d5 Nd4 12. Bg2 h5 13. Ng3 hxg4 14. f4 exf4 15. Bxf4 Nh5 16. Nxh5 gxh5 17. 0-0-0 Re8 18. Rdf1 Ra7 19. Bg5 Qc7 20. Bf6 Re5 21. Bxe5 dxe5 22. Qg5 b5 23. Qxh5 b4 24. d6 Qxd6 25. Nd5 Qh6+ 26. Qg5 Ne2+ 27. Kb1 Ng3 28. Nf6+ Kf8 29. Qxe5 Re7 30. Qxc5 Be6 31. e5 Nxf1 32. Rxf1 Qd2 33. Qb6 Bxf6 34. exf6 Re8 35. Qc5+ Kg8 36. Qg5+ Qxg5 37. hxg5 a5 38. b3 Kh7 39. Be4+ Kg8 40. Bd3 g3 41. Rg1 Rd8 42. Rxg3 Rxd3 43. Rxd3 Bf5 44. Kc2 Kh7 45. Kd2 Bxd3 46. Kxd3 Kg6 47. c5 Kxg5 48. c6 Kxf6 49. c7 1-0

[Event "Titled Tuesday intern op 05th Sep Early"]
[Site "Chess.com INT"]
[Date "2023.09.05"]
[Round "5"]
[White "Mijovic, A."]
[Black "Kang, Dorian"]
[Result "0-1"]
[WhiteElo "2130"]
[BlackElo "2059"]
[PlyCount "92"]
[EventDate "2023.09.05"]
[EventType "swiss (blitz)"]
[EventRounds "11"]
[EventCountry "USA"]
[SourceTitle "EXT 2024"]
[Source "ChessBase"]
[SourceDate "2023.10.10"]
[SourceVersion "1"]
[SourceVersionDate "2023.10.10"]
[SourceQuality "1"]

1. e4 c5 2. Nf3 d6 3. Bb5+ Nd7 4. c4 Ngf6 5. Nc3 g6 6. 0-0 Bg7 7. d4 0-0 8. Re1 cxd4 9. Nxd4 a6 10. Ba4 Nc5 11. Bc2 e5 12. Nde2 Rb8 13. Bg5 Be6 14. Bxf6 Qxf6 15. Nd5 Bxd5 16. Qxd5 Rfd8 17. Nc3 Ne6 18. Ne2 b5 19. b3 bxc4 20. Qxc4 Rdc8 21. Qd3 Nc5 22. Qd2 Qe7 23. Red1 Rc6 24. b4 Ne6 25. Ba4 Rcb6 26. a3 f5 27. exf5 gxf5 28. Rac1 Kh8 29. Nc3 Nf4 30. g3 Qg5 31. Nd5 R6b7 32. Nxf4 exf4 33. Qxd6 fxg3 34. Qxg3 Qe7 35. Rd7 Rxd7 36. Qxb8+ Rd8 37. Qf4 Be5 38. Qe3 Rg8+ 39. Kh1 Qf6 40. Qh3 Qg5 41. Rf1 Qf4 42. Bc6 Rg4 43. f3 Rh4 44. Qg2 Rxh2+ 45. Kg1 Rxg2+ 46. Kxg2 Qh2# 0-1

[Event "Titled Tuesday intern op 05th Sep Early"]
[Site "Chess.com INT"]
[Date "2023.09.05"]
[Round "6"]
[White "Morris Suzuki, Alan H"]
[Black "Mijovic, A."]
[Result "1-0"]
[WhiteElo "1652"]
[BlackElo "2130"]
[PlyCount "47"]
[EventDate "2023.09.05"]
[EventType "swiss (blitz)"]
[EventRounds "11"]
[EventCountry "USA"]
[SourceTitle "EXT 2024"]
[Source "ChessBase"]
[SourceDate "2023.10.10"]
[SourceVersion "1"]
[SourceVersionDate "2023.10.10"]
[SourceQuality "1"]

1. e4 c5 2. d4 cxd4 3. c3 d3 4. Bxd3 g6 5. h4 h5 6. c4 Bg7 7. Nc3 Nc6 8. Bg5 Nf6 9. Nge2 0-0 10. Qd2 d6 11. f3 Bd7 12. 0-0-0 a6 13. Rdg1 Rb8 14. Nf4 Ne5 15. Be2 b5 16. cxb5 axb5 17. g4 b4 18. Ncd5 hxg4 19. h5 gxf3 20. h6 Nxe4 21. Nxe7+ Qxe7 22. Bxe7 Nxd2 23. hxg7 Rfe8 24. Bf6 1-0

[Event "Titled Tuesday intern op 29th Aug Early"]
[Site "Chess.com INT"]
[Date "2023.08.29"]
[Round "8"]
[White "Baldauf, Marco"]
[Black "Mijovic, A."]
[Result "1-0"]
[WhiteElo "2483"]
[BlackElo "2130"]
[PlyCount "82"]
[EventDate "2023.08.29"]
[EventType "swiss (blitz)"]
[EventRounds "11"]
[EventCountry "USA"]
[SourceTitle "EXT 2024"]
[Source "ChessBase"]
[SourceDate "2023.10.10"]
[SourceVersion "1"]
[SourceVersionDate "2023.10.10"]
[SourceQuality "1"]

1. e4 e5 2. Nf3 Nf6 3. Nxe5 d6 4. Nd3 Nxe4 5. Qe2 Qe7 6. Nf4 Nf6 7. d4 d5 8. Nc3 c6 9. f3 Qxe2+ 10. Bxe2 Bf5 11. Bd3 Bxd3 12. Nxd3 Nbd7 13. g4 Bd6 14. Kf2 0-0-0 15. h4 h5 16. g5 Ne8 17. Bf4 g6 18. Rae1 Bxf4 19. Nxf4 Nd6 20. Nce2 Nf5 21. c3 Rde8 22. Ng3 Nxg3 23. Kxg3 Kc7 24. Nd3 Kd6 25. f4 Re4 26. Ne5 Nxe5 27. fxe5+ Ke6 28. Rxe4 dxe4 29. Rf1 Rf8 30. Rf6+ Kd5 31. Kf4 b5 32. Rd6+ Kc4 33. Kxe4 Rc8 34. Rd7 a5 35. Rxf7 c5 36. e6 b4 37. e7 Re8 38. d5 Kb5 39. c4+ Kb6 40. Ke5 Kc7 41. Ke6 a4 1-0

[Event "Titled Tuesday intern op 29th Aug Early"]
[Site "Chess.com INT"]
[Date "2023.08.29"]
[Round "1"]
[White "Gavrilin, Roman"]
[Black "Mijovic, A."]
[Result "1/2-1/2"]
[WhiteElo "2156"]
[BlackElo "2130"]
[PlyCount "127"]
[EventDate "2023.08.29"]
[EventType "swiss (blitz)"]
[EventRounds "11"]
[EventCountry "USA"]
[SourceTitle "EXT 2024"]
[Source "ChessBase"]
[SourceDate "2023.10.10"]
[SourceVersion "1"]
[SourceVersionDate "2023.10.10"]
[SourceQuality "1"]

1. e4 e5 2. d4 exd4 3. Qxd4 Nc6 4. Qe3 d6 5. Nc3 Nf6 6. Bd2 Be7 7. 0-0-0 0-0 8. f3 Be6 9. g4 d5 10. exd5 Nxd5 11. Nxd5 Qxd5 12. c4 Qc5 13. Qxc5 Bxc5 14. a3 Nd4 15. Bc3 Nc6 16. Bd3 a5 17. Ne2 a4 18. Kc2 Rfd8 19. Nf4 Nd4+ 20. Bxd4 Bxd4 21. Nxe6 fxe6 22. Rhe1 e5 23. Be4 c6 24. h4 Ra6 25. Re2 Rb6 26. Kb1 Rb3 27. h5 Rc8 28. Bf5 Rc7 29. Be4 b5 30. c5 b4 31. axb4 Rxb4 32. Ka2 Kf7 33. g5 Bxc5 34. Rc1 Bd4 35. Rxc6 Rxc6 36. Bxc6 Ke6 37. Be4 h6 38. gxh6 gxh6 39. Rc2 Kf6 40. Rg2 Rb3 41. Bc6 Rb4 42. Ka3 Rb3+ 43. Kxa4 Rxb2 44. Rg6+ Kf5 45. Be4+ Kf4 46. Rxh6 Rh2 47. Rh8 Kg5 48. Rg8+ Kf4 49. Rf8+ Kg5 50. Rf5+ Kh6 51. Rf7 Rxh5 52. Kb5 Rh1 53. Kc6 Kg5 54. Kd5 Rc1 55. Rf5+ Kh4 56. Ke6 Kg3 57. Kf6 Ra1 58. Rg5+ Kf4 59. Rg4+ Ke3 60. Kf5 Ra7 61. Rg6 Rf7+ 62. Rf6 Rxf6+ 63. Kxf6 Kf4 64. Ke6 1/2-1/2

[Event "Titled Tuesday intern op 29th Aug Early"]
[Site "Chess.com INT"]
[Date "2023.08.29"]
[Round "5"]
[White "Mijovic, A."]
[Black "Garakov, Mikhael"]
[Result "0-1"]
[WhiteElo "2130"]
[BlackElo "2447"]
[PlyCount "22"]
[EventDate "2023.08.29"]
[EventType "swiss (blitz)"]
[EventRounds "11"]
[EventCountry "USA"]
[SourceTitle "EXT 2024"]
[Source "ChessBase"]
[SourceDate "2023.10.10"]
[SourceVersion "1"]
[SourceVersionDate "2023.10.10"]
[SourceQuality "1"]

1. e4 c5 2. Nf3 e6 3. c4 b6 4. Nc3 Bb7 5. d4 cxd4 6. Nxd4 a6 7. Be2 Qc7 8. 0-0 Nf6 9. f3 Bd6 10. h3 Nh5 11. Be3 Bh2+ 0-1

[Event "Titled Tuesday intern op 29th Aug Early"]
[Site "Chess.com INT"]
[Date "2023.08.29"]
[Round "2"]
[White "Mijovic, A."]
[Black "Keleberda, Timur"]
[Result "0-1"]
[WhiteElo "2130"]
[BlackElo "2301"]
[PlyCount "38"]
[EventDate "2023.08.29"]
[EventType "swiss (blitz)"]
[EventRounds "11"]
[EventCountry "USA"]
[SourceTitle "EXT 2024"]
[Source "ChessBase"]
[SourceDate "2023.10.10"]
[SourceVersion "1"]
[SourceVersionDate "2023.10.10"]
[SourceQuality "1"]

1. e4 c5 2. f3 e6 3. d4 cxd4 4. Qxd4 Nc6 5. Qd3 d5 6. exd5 exd5 7. Bf4 Bc5 8. Nc3 Nge7 9. 0-0-0 Be6 10. Be3 Bb4 11. Nge2 Bf5 12. Qd2 0-0 13. Nd4 Bg6 14. Bd3 Rc8 15. Bxg6 hxg6 16. h4 Qa5 17. Kb1 Ne5 18. Nde2 Nc4 19. Qd4 Nf5 0-1

[Event "Titled Tuesday intern op 29th Aug Late"]
[Site "Chess.com INT"]
[Date "2023.08.29"]
[Round "2"]
[White "Mijovic, A."]
[Black "Mulawa, Cyprian"]
[Result "0-1"]
[WhiteElo "2130"]
[BlackElo "2186"]
[PlyCount "120"]
[EventDate "2023.08.29"]
[EventType "swiss (blitz)"]
[EventRounds "11"]
[EventCountry "USA"]
[SourceTitle "EXT 2024"]
[Source "ChessBase"]
[SourceDate "2023.10.10"]
[SourceVersion "1"]
[SourceVersionDate "2023.10.10"]
[SourceQuality "1"]

1. e4 Nc6 2. Nf3 d6 3. d4 Nf6 4. Nc3 e5 5. dxe5 Nxe5 6. Nxe5 dxe5 7. Qxd8+ Kxd8 8. Bc4 Bb4 9. Bg5 Bxc3+ 10. bxc3 Be6 11. Bxe6 fxe6 12. f3 Ke7 13. Ke2 Rhd8 14. Rhd1 h6 15. Be3 b6 16. c4 Nd7 17. Rd3 Nc5 18. Bxc5+ bxc5 19. Rb1 Rd4 20. Rb7 Kd6 21. c3 Rxd3 22. Kxd3 Kc6 23. Rb1 Rd8+ 24. Ke3 Rf8 25. g3 Re8 26. h4 Rf8 27. h5 Rd8 28. Rh1 Rb8 29. Rh4 Rb2 30. Rg4 Rxa2 31. Rxg7 a5 32. Rg6 a4 33. Rxe6+ Kb7 34. Rxe5 c6 35. Re7+ Kb6 36. Re8 Kb7 37. Re7+ Kb6 38. Rd7 a3 39. Rd1 Rc2 40. Kd3 Rf2 41. Ke3 Rc2 42. e5 a2 43. e6 Rxc3+ 44. Kf4 Rxc4+ 45. Kf5 Rd4 46. Ra1 Rd2 47. e7 Re2 48. Kf6 Kb5 49. Kf7 Kb4 50. f4 Kb3 51. f5 c4 52. f6 c3 53. e8Q Rxe8 54. Kxe8 c2 55. f7 Kb2 56. f8Q Kxa1 57. Qf1+ Kb2 58. Qf6+ Kb1 59. Qf1+ c1Q 60. Qxc1+ Kxc1 0-1

[Event "Titled Tuesday intern op 29th Aug Early"]
[Site "Chess.com INT"]
[Date "2023.08.29"]
[Round "4"]
[White "Zeman, Matyas"]
[Black "Mijovic, A."]
[Result "0-1"]
[WhiteElo "2308"]
[BlackElo "2130"]
[PlyCount "66"]
[EventDate "2023.08.29"]
[EventType "swiss (blitz)"]
[EventRounds "11"]
[EventCountry "USA"]
[SourceTitle "EXT 2024"]
[Source "ChessBase"]
[SourceDate "2023.10.10"]
[SourceVersion "1"]
[SourceVersionDate "2023.10.10"]
[SourceQuality "1"]

1. e4 c5 2. Nc3 e6 3. f4 d5 4. Bb5+ Bd7 5. Bxd7+ Qxd7 6. d3 Nc6 7. Nf3 Be7 8. 0-0 dxe4 9. dxe4 Nf6 10. Qxd7+ Nxd7 11. Be3 0-0-0 12. Rad1 Nb6 13. b3 Bf6 14. e5 Be7 15. Ne4 c4 16. bxc4 Nxc4 17. Bf2 Rxd1 18. Rxd1 h6 19. Kf1 Rd8 20. Ke2 Rxd1 21. Kxd1 a5 22. c3 b5 23. Kc2 Kc7 24. Nd4 Nxd4+ 25. Bxd4 Kc6 26. Kb3 Kd5 27. Ng3 g6 28. Kc2 h5 29. Nf1 Ke4 30. g3 Kf3 31. Kd1 Kg2 32. Ke2 Ba3 33. h4 Bb2 0-1

[Event "Titled Tuesday intern op 15th Aug Late"]
[Site "Chess.com INT"]
[Date "2023.08.15"]
[Round "9"]
[White "Bhavikatti, Neil"]
[Black "Mijovic, A."]
[Result "1-0"]
[WhiteElo "2051"]
[BlackElo "2130"]
[PlyCount "45"]
[EventDate "2023.08.15"]
[EventType "swiss (blitz)"]
[EventRounds "11"]
[EventCountry "USA"]
[SourceTitle "EXT 2024"]
[Source "ChessBase"]
[SourceDate "2023.10.10"]
[SourceVersion "1"]
[SourceVersionDate "2023.10.10"]
[SourceQuality "1"]

1. d4 d5 2. c4 e6 3. Nc3 Nf6 4. cxd5 exd5 5. Bg5 Be7 6. Qc2 c6 7. e3 Nbd7 8. Bd3 h6 9. Bh4 Nh5 10. Bxe7 Qxe7 11. Nge2 Nb6 12. 0-0 0-0 13. a3 a5 14. Rab1 a4 15. Na2 Be6 16. Nb4 Nc8 17. Nc3 Nd6 18. Nxa4 Nf6 19. Nc5 b5 20. Nxc6 Qc7 21. Ne5 Nfe4 22. Nxe4 Nxe4 23. Qxc7 1-0

[Event "Titled Tuesday intern op 15th Aug Late"]
[Site "Chess.com INT"]
[Date "2023.08.15"]
[Round "4"]
[White "Mijovic, A."]
[Black "Harish, Neeraj"]
[Result "0-1"]
[WhiteElo "2130"]
[BlackElo "2040"]
[PlyCount "130"]
[EventDate "2023.08.15"]
[EventType "swiss (blitz)"]
[EventRounds "11"]
[EventCountry "USA"]
[SourceTitle "EXT 2024"]
[Source "ChessBase"]
[SourceDate "2023.10.10"]
[SourceVersion "1"]
[SourceVersionDate "2023.10.10"]
[SourceQuality "1"]

1. e4 c6 2. d4 d5 3. exd5 cxd5 4. Bd3 Nc6 5. c3 Nf6 6. Nf3 Bg4 7. Bf4 e6 8. Nbd2 Bd6 9. Bxd6 Qxd6 10. 0-0 0-0 11. Qb3 Rab8 12. a4 Bh5 13. Rae1 Bg6 14. Bxg6 hxg6 15. Ne5 Nd7 16. f4 a6 17. Ndf3 b5 18. axb5 axb5 19. Nd3 b4 20. Nfe5 bxc3 21. Qxc3 Rfc8 22. Nc5 Nxc5 23. dxc5 Qc7 24. Nxc6 Qxc6 25. b4 Rb5 26. Ra1 Qb7 27. Rfb1 Rcxc5 28. Qxc5 Rxc5 29. bxc5 Qc7 30. Rc1 d4 31. c6 d3 32. Rab1 d2 33. Rc2 Kh7 34. Rd1 Qb6+ 35. Kf1 Qb5+ 36. Kg1 Qb6+ 37. Kh1 Qe3 38. Rcxd2 Qc3 39. Rd6 g5 40. fxg5 Kg6 41. h3 Kxg5 42. R1d3 Qc1+ 43. Rd1 Qc5 44. Kh2 Kg6 45. h4 Qc4 46. R6d4 Qc5 47. Rd6 Qc4 48. R6d4 Qxc6 49. Kh3 Qc5 50. R4d3 Qf5+ 51. g4 Qe5 52. Rg3 Kh7 53. Rdg1 g6 54. h5 Kg7 55. hxg6 Kxg6 56. Rf1 Qh8+ 57. Kg2 Qb2+ 58. Rf2 Qb7+ 59. Kg1 Qd5 60. Kh2 Kg7 61. Kg1 Kf8 62. Kh2 Ke7 63. g5 Qe5 64. Kg2 Qe4+ 65. Rff3 Qg6 0-1

[Event "Titled Tuesday intern op 11th Jul Late"]
[Site "Chess.com INT"]
[Date "2023.07.11"]
[Round "7"]
[White "Mijovic, A."]
[Black "Hernando Rodrigo, Julio Antonio"]
[Result "1-0"]
[WhiteElo "2074"]
[BlackElo "2240"]
[PlyCount "43"]
[EventDate "2023.07.11"]
[EventType "swiss (blitz)"]
[EventRounds "11"]
[EventCountry "USA"]
[SourceTitle "EXT 2024"]
[Source "ChessBase"]
[SourceDate "2023.10.10"]
[SourceVersion "1"]
[SourceVersionDate "2023.10.10"]
[SourceQuality "1"]

1. e4 d5 2. exd5 Qxd5 3. Nc3 Qa5 4. d4 Nf6 5. Nf3 Bg4 6. Be2 Nc6 7. h3 Bh5 8. Ne5 Nxe5 9. Bxh5 Nxh5 10. dxe5 Qxe5+ 11. Be3 Rd8 12. Qf3 c6 13. 0-0 Nf6 14. Bxa7 e6 15. Bb6 Rd2 16. Rad1 Bd6 17. g3 Rxd1 18. Rxd1 Nd5 19. Bd4 Qg5 20. Ne4 Qe7 21. Bxg7 f5 22. Nxd6+ 1-0